Normal view
MARC view
- الطرق البرية- الحج- التاريخ الاسلامي- الاردن- العصور الاسلامية
Entry Topical Term
001 - CONTROL NUMBER
- control field: 41021
003 - CONTROL NUMBER IDENTIFIER
- control field: JO-AjAnu
005 - DATE AND TIME OF LATEST TRANSACTION
- control field: 20230606080820.0
008 - FIXED-LENGTH DATA ELEMENTS
- fixed length control field: 230606|| aca||aabn | a|a d
040 ## - CATALOGING SOURCE
- Original cataloging agency: JO-AjAnu
- Transcribing agency: JO-AjAnu
150 ## - HEADING--TOPICAL TERM
- Topical term or geographic name entry element: الطرق البرية- الحج- التاريخ الاسلامي- الاردن- العصور الاسلامية
670 ## - SOURCE DATA FOUND
- Source citation: Work cat.: (JO-AjAnu)21022: درادكة، صالح موسى, author 41020, طرق الحج الشامي في العصور الإسلامية : الطرق في شرق الأردن خاصة